Normal view
MARC view
- Asima Jilani
Entry Personal Name
001 - CONTROL NUMBER
- control field: 4675
003 - CONTROL NUMBER IDENTIFIER
- control field: OSt
005 - DATE AND TIME OF LATEST TRANSACTION
- control field: 20200820122451.0
008 - FIXED-LENGTH DATA ELEMENTS
- fixed length control field: 200820|| aca||aabn | a|a d
040 ## - CATALOGING SOURCE
- Original cataloging agency: OSt
- Transcribing agency: OSt
100 ## - HEADING--PERSONAL NAME
- Personal name: Asima Jilani
670 ## - SOURCE DATA FOUND
- Source citation: Work cat.: (OSt): Muzamil, M 4674, Farm power and machinery, 2019
